Az elévülés a magyar anyagi magánjogban : tanulmány /

Elmentve itt :
Bibliográfiai részletek
Szerző: Kiss Albert
Dokumentumtípus: Cikk
Megjelent: 1902
Sorozat:Kolligátum
Kulcsszavak:Magán jog - elévülés
Online Access:http://misc.bibl.u-szeged.hu/22898
LEADER 00555nab a2200169 i 4500
001 misc22898
005 20191111110611.0
008 170727s1902 hu o 0|| zxx d
040 |a SZTE Miscellanea Repozitórium  |b hun 
041 |a zxx 
100 1 |a Kiss Albert 
245 1 3 |a Az elévülés   |h [elektronikus dokumentum] :  |b a magyar anyagi magánjogban : tanulmány /  |c  Kiss Albert 
260 |c 1902 
300 |a 1-244 
490 0 |a Kolligátum 
695 |a Magán jog - elévülés 
856 4 0 |u http://misc.bibl.u-szeged.hu/22898/1/06486_001-244.pdf  |z Dokumentum-elérés